Islámská rozpínavost včera, dnes a zítra
Salvato in:
| Autore principale: | |
|---|---|
| Natura: | Libro |
| Lingua: | ceco |
| Pubblicazione: |
Bratislava
Epocha
2011
|
| Soggetti: | |
| Tags: |
Nessun Tag, puoi essere il primo ad aggiungerne!!
|
MARC
| LEADER | 00000nam a2200000 4500 | ||
|---|---|---|---|
| 001 | 0158415 | ||
| 005 | 20221207093554.7 | ||
| 020 | |a 978-80-7425-117-7 | ||
| 041 | 0 | |a cze | |
| 044 | |a CZ | ||
| 245 | 1 | 0 | |a Islámská rozpínavost |b včera, dnes a zítra |c Martin Janeček |
| 264 | 1 | |a Bratislava |b Epocha |c 2011 | |
| 300 | |a 318 s. | ||
| 610 | 2 | 0 | |a islam |
| 610 | 2 | 0 | |a história |
| 610 | 2 | 0 | |a dejiny |
| 610 | 2 | 0 | |a konflikty náboženské |
| 610 | 2 | 0 | |a politika medzinárodná |
| 610 | 2 | 0 | |a politika svetová |
| 610 | 2 | 0 | |a vzťahy politické medzinárodné |
| 100 | 1 | |a Janeček, Martin | |